| 000 | 00679nam a2200193 a 4500 | ||
|---|---|---|---|
| 008 | 120416s1986 ||||||||||||||||| || u | ||
| 020 | _a0582491207 | ||
| 020 | _a0582491207 | ||
| 050 | _aHC 240 Tre | ||
| 100 | _aTrebilcock, Clive | ||
| 245 | 1 | 4 | _aThe industrialization of the continental powers 1780-1914 |
| 260 |
_aLondon: _bLongman _c1986 |
||
| 300 | _axvi, 495p. | ||
| 350 | _a0.00 | ||
| 500 | _aIncludes index. -Bibliography: p. 454-474. | ||
| 650 | _aINDUSTRY | ||
| 650 | _aINDUSTRIALIZATION--EUROPE--HISTORY | ||
| 995 |
_D0.00 _FCBU-MAIN LIBRARY (Kitwe) _H1 _I8.95 _M1 _UAVAILABLE _ZAnnex Low-Usage Collection |
||
| 999 |
_c46788 _d46788 |
||